[Event "POLFINAL MISTRZOSTW POLSKI JUNIOROW 2019 - C11"]
[Site "Ustron"]
[Date "1899-12-30"]
[Round "3.17"]
[White "Nagly, Krzysztof"]
[Black "Karwot, Marek"]
[Result "0-1"]
[WhiteTitle "III"]
[BlackTitle "II"]
[WhiteElo "1071"]
[BlackElo "1166"]

1. e4 c5 2. Nf3 Nc6 3. d4 cxd4 4. Nxd4 Nf6 5. Nc3 e5 6. Ndb5 d6 7. Bg5 a6 8. Na3
b5 9. Nd5 Be7 10. c4 bxc4 11. Bxc4 Nxe4 12. Bxe7 Nxe7 13. Nxe7 Qxe7 14. Qa4+ Kf8
15. Bd5 Nc5 16. Qc2 Bb7 17. Bxb7 Qxb7 18. O-O h5 19. Nc4 Rh6 20. Rad1 Qc7 21.
Rd5 Nb7 22. Rfd1 Rd8 23. Qd3 Ke8 24. Rc1 Qe7 25. Qg3 Rg6 26. Qf3 Qg5 27. Rdd1
Nc5 28. Qc6+ Kf8 29. Nxd6 Rdxd6 30. Qc8+ Ke7 0-1

[Event "POLFINAL MISTRZOSTW POLSKI JUNIOROW 2019 - C11"]
[Site "Ustron"]
[Date "1899-12-30"]
[Round "3.19"]
[White "Katny, Tymoteusz"]
[Black "Wawrukiewicz, Szymon"]
[Result "1/2-1/2"]
[WhiteTitle "III"]
[BlackTitle "II"]
[WhiteElo "1027"]
[BlackElo "1143"]

1. e4 e5 2. Nf3 Nc6 3. Bc4 Bc5 4. d3 h6 5. Nc3 d6 6. h3 Nf6 7. O-O O-O 8. Be3 Bb6
9. Nd5 Be6 10. Nxb6 axb6 11. Bb3 Qd7 12. Nd2 Qe7 13. Qf3 Nh7 14. Qg3 Qf6 15. f4
Nd4 16. Rae1 Nxb3 17. axb3 exf4 18. Rxf4 Qg6 19. Qh2 Ng5 20. Rff1 Nxh3+ 21. Kh1
Ng5 22. Bxg5 Qxg5 23. Nf3 Qf6 24. d4 Bg4 25. Ne5 Qe6 26. Nxg4 Qxg4 27. Rf3 Qe6
28. d5 Qg6 29. Qh4 Qg5 30. Qxg5 hxg5 31. g4 Ra2 32. Rb1 Rfa8 33. Rff1 Re8 34.
Rfe1 Kh7 35. Kg2 Kg6 36. Kf3 Kf6 37. c3 Rh8 38. Kg3 Ke5 39. Re2 Rha8 40. Rf1 g6
1/2-1/2

[Event "POLFINAL MISTRZOSTW POLSKI JUNIOROW 2019 - C11"]
[Site "Ustron"]
[Date "1899-12-30"]
[Round "4.1"]
[White "Duda, Szymon"]
[Black "Brozynski, Patryk"]
[Result "1-0"]
[WhiteTitle "II+"]
[BlackTitle "IV"]
[WhiteElo "1469"]
[BlackElo "1665"]

1. d4 Nf6 2. c4 g6 3. Nc3 Bg7 4. Nf3 O-O 5. e3 d6 6. Be2 c5 7. O-O cxd4 8. exd4
d5 9. c5 Nc6 10. h3 Bf5 11. a3 Rc8 12. Be3 b6 13. b4 Ne4 14. Rc1 a5 15. b5 Nxc3
16. Rxc3 Nb8 17. c6 Nd7 18. Qb3 Nf6 19. Rfc1 Ne4 20. c7 Qd7 21. Rc6 f6 22. Rxb6
Rxc7 23. Rxc7 Qxc7 24. Qxd5+ e6 25. Qc6 Qxc6 26. Rxc6 Rb8 27. Bc4 Nc3 28. Bf4
Rb7 29. b6 Nd5 30. Bc7 Bf8 31. Ba6 Ne7 32. Bxb7 Be4 33. Rxe6 Bxb7 34. Bd6 Nc8
35. Bxf8 Kxf8 36. Nd2 Kf7 37. Re1 Nd6 38. Nb3 a4 39. Na5 Ba6 40. Rb1 Nf5 41. b7
Bxb7 42. Rxb7+ Ke6 43. Rb4 h5 44. Rxa4 g5 45. Rb4 g4 46. hxg4 hxg4 47. Nc4 Nxd4
48. Ne3 Ne2+ 49. Kf1 Nc3 50. Nxg4 f5 51. Ne3 Na2 52. Rb6+ Kd7 53. Nxf5 Nc3 54.
Rb4 Ke6 55. Ne3 Na2 56. Rc4 Kd6 57. Rc2 Nb4 58. axb4 Kd7 59. b5 Kd6 60. Rc6+ Ke5
61. Rc4 Kd6 62. f4 Ke6 63. Rc5 Kd6 64. Rh5 Ke6 65. b6 Kd6 66. Rh6+ Kd7 67. Nd5
Kc8 68. Rh7 Kb8 69. g4 Ka8 70. g5 Kb8 71. g6 Kc8 72. Re7 Kb8 73. g7 Kc8 74. g8=Q#
1-0

[Event "POLFINAL MISTRZOSTW POLSKI JUNIOROW 2019 - C11"]
[Site "Ustron"]
[Date "1899-12-30"]
[Round "4.2"]
[White "Grzebieniowski, Michal"]
[Black "Glaz, Michal"]
[Result "1/2-1/2"]
[WhiteTitle "II"]
[BlackTitle "II"]
[WhiteElo "1332"]
[BlackElo "1177"]

1. d4 Nf6 2. c4 c5 3. d5 b5 4. cxb5 a6 5. bxa6 Bxa6 6. Nc3 d6 7. Nf3 g6 8. g3 Bg7
9. Bg2 O-O 10. O-O Nbd7 11. Re1 Qc7 12. Qc2 Rfb8 13. b3 Ng4 14. Bb2 Qb6 15. Na4
Qa7 16. Bxg7 Kxg7 17. e3 Rc8 18. Nb2 Rab8 19. Nc4 Bxc4 20. Qxc4 Ngf6 21. e4 Kg8
22. Bh3 Nb6 23. Qe2 Rd8 24. Nd2 Nfd7 25. Bxd7 Nxd7 26. Nc4 f6 27. f4 Re8 28. Qd3
Nb6 29. Red1 Nxc4 30. bxc4 Rb7 31. Rdb1 Reb8 32. Qc2 Qa6 33. Rxb7 Rxb7 34. Rb1
Rxb1+ 35. Qxb1 Qxc4 36. Kf2 Qd4+ 37. Ke2 Qc4+ 38. Ke3 Qd4+ 39. Ke2 Kg7 40. Qc2
Qg1 41. Kd3 Qf1+ 42. Ke3 Qe1+ 43. Kd3 Qb4 44. a4 Qd4+ 1/2-1/2

[Event "POLFINAL MISTRZOSTW POLSKI JUNIOROW 2019 - C11"]
[Site "Ustron"]
[Date "1899-12-30"]
[Round "4.3"]
[White "Olszewski, Antoni"]
[Black "Jozwik, Michal"]
[Result "1-0"]
[WhiteTitle "II"]
[BlackTitle "II"]
[WhiteElo "1292"]
[BlackElo "1404"]

1. e4 g6 2. d4 Bg7 3. c4 c5 4. Nf3 Qa5+ 5. Bd2 Qb6 6. Bc3 Nc6 7. d5 Nd4 8. Bxd4
cxd4 9. Qb3 Qc5 10. Bd3 e5 11. O-O Ne7 12. Nbd2 O-O 13. Qa4 d6 14. b4 Qc7 15.
Rac1 Bd7 16. Qb3 b6 17. Rc2 Rfc8 18. Rfc1 Rab8 19. a4 a5 20. b5 h6 21. h3 Rf8
22. Qa2 Rbe8 23. Re1 f5 24. Rec1 f4 25. c5 bxc5 26. Rxc5 Qb6 27. R5c2 Nc8 28.
Nc4 Qa7 29. Rb1 Nb6 30. Nxd6 Rd8 31. Nc4 Nxc4 32. Rxc4 Qb6 33. Rbc1 Kh7 34. Nd2
Ra8 35. R4c2 g5 36. Nc4 Qb7 37. f3 Rf6 38. Nxe5 Kh8 39. Rc7 Qb6 40. Nxd7 Qe6 41.
dxe6 1-0

[Event "POLFINAL MISTRZOSTW POLSKI JUNIOROW 2019 - C11"]
[Site "Ustron"]
[Date "1899-12-30"]
[Round "4.4"]
[White "Nocek, Dominik"]
[Black "Banaczyk, Piotr"]
[Result "1/2-1/2"]
[WhiteTitle "II"]
[BlackTitle "II"]
[WhiteElo "1317"]
[BlackElo "1183"]

1. e4 e6 2. d4 d5 3. Nd2 dxe4 4. Nxe4 Nd7 5. Bd3 Ngf6 6. Qe2 Be7 7. Nf3 b6 8. O-O
Bb7 9. Bd2 O-O 10. c4 c5 11. Bc3 Bxe4 12. Bxe4 Nxe4 13. Qxe4 Nf6 14. Qe2 Qc7 15.
Rfe1 cxd4 16. Bxd4 Rfd8 17. Be5 Qb7 18. Rad1 Nd7 19. Bc3 Bf6 20. Bxf6 Nxf6 21.
Rxd8+ Rxd8 22. Rd1 Qc7 23. Rxd8+ Qxd8 24. Qd2 Qc7 25. Qd4 Nd7 26. b4 h6 27. h3
Kh8 28. g4 Qc6 29. Ne5 Nxe5 30. Qxe5 Qxc4 31. Qb8+ Kh7 32. Qxa7 Qxb4 33. Qxf7
Qb1+ 1/2-1/2

[Event "POLFINAL MISTRZOSTW POLSKI JUNIOROW 2019 - C11"]
[Site "Ustron"]
[Date "1899-12-30"]
[Round "4.5"]
[White "Cichon, Aleksander"]
[Black "Stachowiak, Bruno"]
[Result "1/2-1/2"]
[WhiteTitle "II"]
[BlackTitle "II"]
[WhiteElo "1207"]
[BlackElo "1295"]

1. e4 e5 2. Nf3 Nc6 3. Bb5 a6 4. Ba4 Nf6 5. O-O Be7 6. d4 exd4 7. e5 Nd5 8. Nxd4
Nb6 9. Nf5 Rg8 10. Qh5 h6 11. Bb3 g6 12. Qxh6 gxf5 13. Qh7 Rf8 14. Bh6 Nxe5 15.
Bxf8 Bxf8 16. f4 Bc5+ 17. Kh1 d5 18. fxe5 Qg5 19. Nc3 c6 20. Rf3 a5 21. a4 Be6
22. Raf1 O-O-O 23. h4 Qe7 24. Ne2 Nd7 25. Nf4 Nxe5 26. Nxe6 fxe6 27. Qxe7 Bxe7
28. Re3 Ng4 29. Rxe6 Bxh4 30. Rxf5 Bf2 31. Rh5 Rg8 32. Rh3 Bd4 33. c3 Nf2+ 34.
Kh2 Nxh3 1/2-1/2

[Event "POLFINAL MISTRZOSTW POLSKI JUNIOROW 2019 - C11"]
[Site "Ustron"]
[Date "1899-12-30"]
[Round "4.6"]
[White "Gradzki, Artur"]
[Black "Przybylski, Jan"]
[Result "0-1"]
[WhiteTitle "II"]
[BlackTitle "II"]
[WhiteElo "1189"]
[BlackElo "1286"]

1. e4 c5 2. Nf3 a6 3. d4 cxd4 4. Nxd4 Nf6 5. Nc3 e5 6. Nb3 Bb4 7. Bd3 d5 8. exd5
Nxd5 9. Bd2 Nxc3 10. bxc3 Bd6 11. Qe2 Nc6 12. O-O O-O 13. Rad1 Re8 14. f3 Qc7
15. Qe4 g6 16. h3 Bd7 17. Rb1 Ne7 18. Nc1 Bc6 19. Qe2 Nd5 20. c4 Nf4 21. Bxf4
exf4 22. Qd2 Bc5+ 23. Kh1 Rad8 24. Qc3 Bd4 25. Qb3 Re3 26. Ne2 Bc5 27. Nc3 Qd7
28. Ne4 Bxe4 29. fxe4 Rxh3+ 0-1

[Event "POLFINAL MISTRZOSTW POLSKI JUNIOROW 2019 - C11"]
[Site "Ustron"]
[Date "1899-12-30"]
[Round "4.7"]
[White "Fil, Grzegorz"]
[Black "Wilgosz, Szczepan"]
[Result "1-0"]
[WhiteTitle "II"]
[BlackTitle "II"]
[WhiteElo "1188"]
[BlackElo "1268"]

1. c4 e5 2. Nc3 Nf6 3. g3 Bb4 4. Bg2 O-O 5. e4 Nc6 6. Nge2 d6 7. O-O Bg4 8. f3
Be6 9. d3 Qd7 10. Be3 Bh3 11. Nd5 Bxg2 12. Kxg2 Bc5 13. Nxf6+ gxf6 14. Bh6 Rfe8
15. Nc3 Ne7 16. f4 c6 17. f5 Kh8 18. Qg4 Ng6 19. h3 Nf4+ 20. Rxf4 Rg8 21. Qh4
Rxg3+ 22. Kxg3 exf4+ 23. Kxf4 Qe7 24. Kf3 Bd4 25. Ne2 Qe5 26. Qg3 Qxg3+ 27. Kxg3
Bxb2 28. Rb1 Be5+ 29. Kg2 Rg8+ 30. Kf2 d5 31. cxd5 cxd5 32. Rxb7 dxe4 33. dxe4
Rc8 34. Rxa7 Kg8 35. a4 Bc7 36. Ra6 Be5 37. a5 Rd8 38. Nf4 Bd4+ 39. Ke2 Bb2 40.
Nd5 Re8 41. Ke3 Bc1+ 42. Kd3 Bxh6 43. Nxf6+ Kf8 44. Nxe8 Bg5 45. Nd6 h5 46. Kd4
Bh4 47. Ke5 Bg3+ 48. Kf6 Bh4+ 49. Ke5 Bg3+ 50. Kd5 Bf2 51. f6 Kg8 52. Ra8+ Kh7
53. Rf8 Kg6 54. Rxf7 Bg3 55. e5 Kh6 56. Rg7 h4 57. Nf7+ Kh5 58. Rg5# 1-0

[Event "POLFINAL MISTRZOSTW POLSKI JUNIOROW 2019 - C11"]
[Site "Ustron"]
[Date "1899-12-30"]
[Round "4.8"]
[White "Jaszczuk, Piotr"]
[Black "Kowalski, Witold"]
[Result "1-0"]
[WhiteTitle "II"]
[BlackTitle "II"]
[WhiteElo "1267"]
[BlackElo "1187"]

1. e4 c5 2. Nf3 e6 3. d4 cxd4 4. Nxd4 Nf6 5. Bd3 Nc6 6. Nf3 Qc7 7. Nc3 Bb4 8. Bd2
a6 9. O-O h6 10. Qe1 Ng4 11. Nd5 exd5 12. Bxb4 d4 13. e5 h5 14. Bd6 Qd8 15. h3
Nh6 16. Qd2 b5 17. Be4 Bb7 18. Bxc6 Bxc6 19. Nxd4 Rc8 20. f4 g6 21. Nxc6 Rxc6
22. Rad1 Nf5 23. Rfe1 Qb6+ 24. Kh2 Qb7 25. c3 Rc4 26. b3 Rc6 27. Qd3 Rg8 28. Re2
Ng7 29. Red2 Ne6 30. Bb4 Nxf4 31. Qxd7+ Qxd7 32. Rxd7 Ne6 33. Re7+ 1-0

[Event "POLFINAL MISTRZOSTW POLSKI JUNIOROW 2019 - C11"]
[Site "Ustron"]
[Date "1899-12-30"]
[Round "4.9"]
[White "Wandor, Adam"]
[Black "Rudas, Borys"]
[Result "1-0"]
[WhiteTitle "II"]
[BlackTitle "II"]
[WhiteElo "1241"]
[BlackElo "1150"]

1. c4 c5 2. Nc3 Nc6 3. Nf3 g6 4. e3 Bg7 5. d4 cxd4 6. exd4 Nf6 7. Be2 d5 8. Be3
O-O 9. O-O Bf5 10. h3 Qd7 11. Nh2 Rad8 12. cxd5 Nxd5 13. Bb5 Nxe3 14. fxe3 Bxh3
15. gxh3 Qxh3 16. Qf3 Qc8 17. Nd5 Qe6 18. Bxc6 bxc6 19. Nb4 c5 20. Nc6 Rd6 21.
d5 Qd7 22. Ng4 f6 23. Rad1 h5 24. Nf2 e6 25. e4 e5 26. Nd3 Rxc6 27. dxc6 Qxc6
28. Qg2 Kh7 29. Rc1 Bh6 30. Rc3 Be3+ 31. Nf2 Bd4 32. Rg3 Rg8 33. b3 c4 34. Kh1
c3 35. Nd3 Kh6 36. Nb4 g5 37. Nxc6 1-0

[Event "POLFINAL MISTRZOSTW POLSKI JUNIOROW 2019 - C11"]
[Site "Ustron"]
[Date "1899-12-30"]
[Round "4.10"]
[White "Stanik, Szymon"]
[Black "Niemczyk, Krzysztof"]
[Result "1-0"]
[WhiteTitle "II"]
[BlackTitle "II"]
[WhiteElo "1187"]
[BlackElo "1227"]

1. e4 e5 2. Nf3 Nc6 3. Nc3 Nf6 4. Bb5 d6 5. d4 exd4 6. Nxd4 Bd7 7. Bxc6 bxc6 8.
Qf3 c5 9. Nf5 Bxf5 10. exf5 d5 11. Bg5 c6 12. O-O-O Be7 13. Rhe1 O-O 14. g4 Rb8
15. h4 h6 16. Bf4 Rb4 17. g5 Rxf4 18. Qxf4 hxg5 19. hxg5 Nh7 20. f6 gxf6 21. Qh2
Bd6 22. Qh5 Bf4+ 23. Kb1 Qd7 24. Rh1 Qf5 25. gxf6 Qxh5 26. Rxh5 Rd8 27. Rdh1 Kf8
28. Rxh7 Ke8 29. Rh8+ Kd7 30. Rxd8+ Kxd8 31. Rh7 Ke8 32. Na4 Be5 33. Nxc5 Bxf6
34. Nd3 Ke7 35. Kc1 Bd4 36. Kd2 Bb6 37. b3 c5 38. c4 d4 39. Rh5 Kd6 40. Rf5 Ke6
41. Rd5 Ba5+ 42. Ke2 Bc3 43. Rxc5 f5 44. Nf4+ Kd6 45. Rxf5 a5 46. Rd5+ Ke7 47.
Kd3 Kf6 48. Ne2 Bb4 49. Nxd4 Kf7 50. Nc6 Be1 51. Nxa5 Ke6 52. f4 Kf6 53. Re5 Bg3
54. Re3 Bf2 55. Rf3 Bb6 56. Nc6 Bc5 57. b4 Bf8 58. Ke4 1-0

[Event "POLFINAL MISTRZOSTW POLSKI JUNIOROW 2019 - C11"]
[Site "Ustron"]
[Date "1899-12-30"]
[Round "4.11"]
[White "Karwot, Marek"]
[Black "Wolak, Maciej"]
[Result "1-0"]
[WhiteTitle "II"]
[BlackTitle "II"]
[WhiteElo "1166"]
[BlackElo "1213"]

1. e4 c5 2. Nf3 d6 3. Bb5+ Bd7 4. Bxd7+ Nxd7 5. c4 Ngf6 6. Nc3 e6 7. d4 cxd4 8.
Nxd4 Be7 9. Qe2 O-O 10. O-O Rc8 11. f3 Ne5 12. b3 a6 13. a4 Nc6 14. Nxc6 bxc6
15. a5 Rb8 16. Be3 Rxb3 17. Bb6 Rxb6 18. axb6 Qxb6+ 19. Kh1 Re8 20. Rfb1 Qd4 21.
Nd1 d5 22. cxd5 exd5 23. Rxa6 Bc5 24. Nb2 dxe4 25. Qc4 Qf2 26. Rf1 Qxb2 27. Qxc5
e3 28. Re1 Qd2 29. Raa1 e2 30. Qxc6 Rd8 31. Qc4 Re8 32. Qc1 Qd4 33. Ra2 Qe5 34.
Qd2 Qb5 35. Rb2 Qa6 36. Rb3 Qc4 37. Re3 Ra8 38. Qxe2 Qc6 39. Qd2 h6 40. Rd1 Rc8
41. Rd3 Qc7 42. Rd8+ Ne8 43. Qd7 Rxd8 44. Qxd8 Qc6 45. Re1 Kh7 46. Qxe8 Qf6 47.
Qe5 Qb6 48. Qe3 Qb5 49. Qe4+ f5 50. Qe5 Qd7 51. Qc3 Qb5 52. h3 Qb6 53. Re7 Qg6
54. Kh2 Qd6+ 55. Qe5 Qg6 56. Qxg7+ Qxg7 57. Rxg7+ Kxg7 58. Kg3 Kg6 59. Kf4 Kf6
60. g4 fxg4 61. hxg4 Kg6 62. Ke5 Kg5 63. f4+ Kxg4 64. f5 h5 65. f6 h4 66. f7 h3
67. f8=Q Kg3 68. Qf1 Kh2 69. Qf2+ Kh1 70. Kf4 h2 71. Qf1# 1-0

[Event "POLFINAL MISTRZOSTW POLSKI JUNIOROW 2019 - C11"]
[Site "Ustron"]
[Date "1899-12-30"]
[Round "4.12"]
[White "Uhryn, Mateusz"]
[Black "Macura, Mateusz"]
[Result "1/2-1/2"]
[WhiteTitle "II+"]
[BlackTitle "II"]
[WhiteElo "1362"]
[BlackElo "1249"]

1. e4 d5 2. exd5 Nf6 3. Nf3 Nxd5 4. d4 Bf5 5. Nh4 Bg6 6. Nxg6 hxg6 7. c4 Nf6 8.
Nc3 e6 9. Be2 Bb4 10. O-O Qd6 11. h3 Bxc3 12. bxc3 Nbd7 13. a4 Rc8 14. c5 Qe7
15. Bf3 c6 16. Qb3 b6 17. cxb6 axb6 18. Ba3 c5 19. c4 O-O 20. Rfe1 Qd6 21. Rad1
Qc7 22. d5 exd5 23. Bxd5 Nxd5 24. Rxd5 Nf6 25. Rde5 Rfe8 26. Rxe8+ Rxe8 27. Rxe8+
Nxe8 28. Bb2 Nf6 29. Qf3 Qd6 30. Bxf6 gxf6 31. g3 Kg7 32. Kg2 Qd4 33. Qe2 Qc3
34. Qa2 Qd3 35. h4 Qe4+ 36. Kg1 Qg4 37. Kg2 Qd1 38. a5 bxa5 39. Qxa5 Qd4 40. Qa2
Qc3 41. Qe2 Qd4 42. Qc2 f5 43. Qc1 Qe4+ 44. Kg1 Qf3 45. Qe3 Qxe3 46. fxe3 Kf6
47. Kf2 Ke5 48. Kf3 f6 49. Kf2 Ke4 50. Ke2 Ke5 51. Kf3 Ke6 52. Kf4 g5+ 53. hxg5
fxg5+ 54. Kxg5 Ke5 55. Kh5 Ke4 56. Kg6 Kd3 57. Kxf5 Kxc4 58. g4 Kd3 59. g5 c4
60. g6 c3 61. g7 c2 62. g8=Q c1=Q 63. Qd8+ Ke2 1/2-1/2

[Event "POLFINAL MISTRZOSTW POLSKI JUNIOROW 2019 - C11"]
[Site "Ustron"]
[Date "1899-12-30"]
[Round "4.14"]
[White "Krzastek, Adrian"]
[Black "Sawicki, Dorian"]
[Result "0-1"]
[WhiteTitle "II"]
[BlackTitle "II"]
[WhiteElo "1181"]
[BlackElo "1142"]

1. e4 c5 2. Nf3 Nc6 3. d4 cxd4 4. Nxd4 e6 5. Nc3 Qc7 6. Be3 Nf6 7. Qd2 a6 8. O-O-O
Bb4 9. f3 Nxd4 10. Qxd4 Bxc3 11. Qxc3 Qxc3 12. bxc3 d5 13. exd5 Nxd5 14. Bd4 O-O
15. Bc4 b5 16. Bxd5 exd5 17. Rhe1 Be6 18. h3 h5 19. Re5 g6 20. Kb2 Rac8 21. Kb3
Rc4 22. a3 Rb8 23. Re2 a5 24. Red2 b4 25. cxb4 axb4 26. a4 Rc3+ 27. Bxc3 d4+ 28.
Kb2 dxc3+ 0-1

[Event "POLFINAL MISTRZOSTW POLSKI JUNIOROW 2019 - C11"]
[Site "Ustron"]
[Date "1899-12-30"]
[Round "4.15"]
[White "Dietrich, Pawel"]
[Black "Makuch, Tomasz"]
[Result "1-0"]
[WhiteTitle "II"]
[BlackTitle "II+"]
[WhiteElo "1214"]
[BlackElo "1167"]

1. e4 c5 2. Nf3 g6 3. d4 cxd4 4. Nxd4 Nc6 5. c4 Nf6 6. Nc3 Nxd4 7. Qxd4 Bg7 8.
Be3 O-O 9. Be2 Qa5 10. Qd2 d6 11. f3 Be6 12. O-O Rfc8 13. Nd5 Qxd2 14. Bxd2 Nxd5
15. exd5 Bd4+ 16. Kh1 Bf5 17. g4 Bd7 18. Rad1 f5 19. Bg5 Bc5 20. gxf5 Bxf5 21.
Bd3 Bh3 22. Rfe1 Rf8 23. f4 Bg4 24. Be2 Bh3 25. Bf3 Rae8 26. Re2 e5 27. dxe6 Bxe6
28. Bh6 Rf7 29. Bg4 Rfe7 30. Bxe6+ Rxe6 31. Rxe6 Rxe6 32. Rd2 Kf7 33. Bg5 Kg7
34. Kg2 h6 35. Bh4 Re4 36. b3 g5 37. Bg3 gxf4 38. Kf3 Be3 39. Rg2 fxg3 40. Rxg3+
Bg5 41. Kxe4 Kf6 42. Rf3+ Ke7 43. Kf5 Kd7 44. Rg3 Bd2 45. h4 Be1 46. Rg4 Kc6 47.
Ke6 Kc5 48. Rg6 Bxh4 49. Rxh6 Bg3 50. Rh7 Kc6 51. Rh5 Be5 52. b4 b6 53. Rxe5 dxe5
54. Kxe5 b5 55. c5 a5 56. a3 axb4 57. axb4 Kc7 58. Kd5 Kd7 59. c6+ Kc7 60. Kc5
1-0

[Event "POLFINAL MISTRZOSTW POLSKI JUNIOROW 2019 - C11"]
[Site "Ustron"]
[Date "1899-12-30"]
[Round "4.16"]
[White "Trusewicz, Jakub"]
[Black "Owierczuk, Szymon"]
[Result "1-0"]
[WhiteTitle "II"]
[BlackTitle "II"]
[WhiteElo "1172"]
[BlackElo "1086"]

1. e4 c5 2. c3 e6 3. d4 cxd4 4. cxd4 d5 5. e5 Nc6 6. Nf3 Bd7 7. Bd3 Qb6 8. O-O
Nxd4 9. Nxd4 Qxd4 10. Nc3 Bb4 11. Be3 Qxe5 12. Nb5 Nf6 13. Bd4 Qb8 14. Qe2 a6
15. Be5 Qd8 16. Nc7+ Kf8 17. Nxa8 Qxa8 18. a3 Be7 19. f4 g6 20. Qf3 Bc6 21. Qh3
Rg8 22. b4 Nh5 23. Rac1 Qa7+ 24. Kh1 Bf6 25. Bd6+ Be7 26. Qh4 Bxd6 27. Qd8+ Kg7
28. Qxd6 Qb8 29. Qxb8 Rxb8 30. Bxa6 Ra8 31. b5 Be8 32. Bxb7 Rxa3 33. Bc6 Ra7 34.
Bxe8 Rb7 35. Bc6 Rb6 36. Ra1 Nf6 37. Ra6 Rb8 38. b6 Ne4 39. b7 Nc5 40. Ra8 Rxb7
41. Bxb7 Nxb7 42. Ra7 Nd6 43. Re1 Ne4 44. Rxe4 dxe4 45. Ra5 h5 46. Kg1 f5 47.
Kf2 Kf6 48. h4 Ke7 49. Ke3 Kd6 50. Re5 Kd7 51. Kd4 Kd6 52. Kc4 Ke7 53. Kc5 Kd7
54. Kb5 Kd6 55. Ka6 Ke7 56. Kb6 Kd6 57. Kb7 Kd7 58. Kb8 Kd6 59. Kc8 Ke7 60. Kc7
Kf7 61. Kd7 Kf6 62. Ke8 1-0

[Event "POLFINAL MISTRZOSTW POLSKI JUNIOROW 2019 - C11"]
[Site "Ustron"]
[Date "1899-12-30"]
[Round "4.18"]
[White "Lapczynski, Jacek"]
[Black "Iracki, Piotr"]
[Result "1-0"]
[WhiteTitle "II"]
[BlackTitle "III"]
[WhiteElo "1124"]
[BlackElo "1136"]

1. d4 d5 2. c4 e6 3. Nc3 Nf6 4. cxd5 exd5 5. Bg5 Be7 6. e3 h6 7. Bh4 Bf5 8. Qb3
Qc8 9. Bxf6 Bxf6 10. Nxd5 Nd7 11. Bc4 O-O 12. Nxf6+ Nxf6 13. Nf3 Be6 14. Bxe6
fxe6 15. O-O b6 16. Rac1 Ne4 17. Qd3 Qb7 18. Ne5 c5 19. dxc5 Nxc5 20. Qc4 Rf5
21. Nf3 Rf6 22. Qg4 Nd3 23. Rc2 Qd5 24. b3 e5 25. Qc4 Qxc4 26. Rxc4 Nc5 27. Nxe5
Raf8 28. b4 Rf5 29. Ng6 b5 30. Rxc5 1-0

[Event "POLFINAL MISTRZOSTW POLSKI JUNIOROW 2019 - C11"]
[Site "Ustron"]
[Date "1899-12-30"]
[Round "4.19"]
[White "Nagly, Krzysztof"]
[Black "Stepinski, Piotr"]
[Result "0-1"]
[WhiteTitle "III"]
[BlackTitle "II"]
[WhiteElo "1071"]
[BlackElo "1135"]

1. e4 c5 2. Nf3 Nc6 3. d4 cxd4 4. Nxd4 Nf6 5. Nc3 e5 6. Ndb5 Bb4 7. Nd6+ Ke7 8.
Nf5+ Kf8 9. a3 Bxc3+ 10. bxc3 Nxe4 11. Qg4 g6 12. Bh6+ Kg8 13. Qxe4 d5 14. Rd1
Bxf5 15. Qxd5 Qxd5 16. Rxd5 Rd8 17. Rxd8+ Nxd8 18. Bd3 f6 19. Bc4+ Be6 20. Bxe6+
Nxe6 21. O-O Kf7 22. Rd1 Ke7 23. g3 Rc8 24. Rd3 Rc4 25. Bc1 Nc5 26. Re3 Na4 27.
Bd2 Nb6 28. f4 Ke6 29. Kf2 Ra4 30. Bc1 e4 31. Re1 f5 32. Rd1 Nd5 33. Rd4 Nxc3
34. Rd8 Nd5 35. Re8+ Kd7 36. Re5 Nb6 37. Rb5 Rc4 38. Rb2 Kc6 39. Be3 Na4 40. Ra2
Nc3 41. Ra1 Nd5 42. Ra2 Nxe3 43. Kxe3 Kc5 44. Kd2 Kd4 45. Rb2 b6 46. Ke2 Rc3 47.
Ra2 a6 48. a4 a5 49. Rb2 Kc5 50. Ra2 Kb4 51. Kd2 Ra3 52. Rb2+ Kc5 53. Rb5+ Kc6
54. Re5 Rxa4 55. Re6+ Kc7 56. Re7+ Kc6 57. Re6+ Kb5 58. Re5+ Ka6 59. Re7 Rd4+
60. Ke2 a4 61. Rxh7 Rd8 62. Rc7 Rd6 63. Rc3 Ka5 64. Ra3 b5 65. h3 Kb4 66. Ra1
Kc3 67. Ra2 Rd2+ 68. Ke1 Rxc2 69. Ra3+ Kb2 70. Re3 a3 71. Re2 a2 72. Kf2 a1=Q
73. g4 Qa7+ 74. Kf1 Rxe2 75. Kxe2 Qd4 76. g5 Qd3+ 77. Kf2 Qf3+ 78. Ke1 e3 79.
h4 Qf2+ 80. Kd1 Qd2# 0-1

[Event "POLFINAL MISTRZOSTW POLSKI JUNIOROW 2019 - C11"]
[Site "Ustron"]
[Date "1899-12-30"]
[Round "4.20"]
[White "Kowalczyk, Jakub"]
[Black "Katny, Tymoteusz"]
[Result "1-0"]
[WhiteTitle "II"]
[BlackTitle "III"]
[WhiteElo "1132"]
[BlackElo "1027"]

1. e4 e5 2. Nf3 Nc6 3. Bc4 Bc5 4. c3 Nf6 5. d3 h6 6. O-O O-O 7. h3 d5 8. exd5 Nxd5
9. Re1 Re8 10. Bb5 Qf6 11. d4 Bd6 12. dxe5 Bxe5 13. Qxd5 Rd8 14. Qe4 Bf5 15. Qa4
Rd6 16. Bxc6 bxc6 17. Nxe5 Re8 18. Bf4 Rde6 19. Qxa7 Rxe5 20. Bxe5 Rxe5 21. Rxe5
Qxe5 22. Qe3 Qd6 23. Nd2 Qg6 24. a4 Be6 25. a5 Bd5 26. Nf3 Be6 27. Ne5 Qf5 28.
g4 Qc2 29. Nxc6 Qxb2 30. Rd1 Qb5 31. Rd8+ Kh7 32. Qd3+ Qxd3 33. Rxd3 Bc4 34. Rd4
Bb5 35. Nb4 Kg6 36. a6 Bxa6 37. Nxa6 Kf6 38. Nxc7 Ke5 39. Kg2 f5 40. gxf5 Kxf5
41. c4 Ke5 42. Rd5+ Ke4 43. c5 g5 44. c6 g4 45. hxg4 h5 46. f3+ Kf4 47. Ne6+ Ke3
48. c7 h4 49. c8=Q h3+ 50. Kg3 h2 51. Qc3+ Ke2 52. Rd2+ Ke1 53. Qc1# 1-0

[Event "POLFINAL MISTRZOSTW POLSKI JUNIOROW 2019 - C11"]
[Site "Ustron"]
[Date "1899-12-30"]
[Round "5.1"]
[White "Glaz, Michal"]
[Black "Duda, Szymon"]
[Result "1/2-1/2"]
[WhiteTitle "II"]
[BlackTitle "II+"]
[WhiteElo "1177"]
[BlackElo "1469"]

1. e4 e5 2. Nf3 Nc6 3. d4 exd4 4. Nxd4 Bc5 5. Nb3 Bb6 6. Nc3 d6 7. Qe2 Be6 8. Be3
Qe7 9. f3 h6 10. O-O-O O-O-O 11. Bxb6 axb6 12. Nd4 Qd7 13. g4 Nge7 14. h4 g5 15.
h5 Kb8 16. Bg2 Rhe8 17. Nxc6+ Nxc6 18. Qf2 Qe7 19. Rhe1 Qf6 20. Kb1 Ne5 21. Rd2
Nc4 22. Rd3 Ne5 23. Rd2 Nc4 24. Rd3 Ne5 25. Rd2 Nc4 1/2-1/2

[Event "POLFINAL MISTRZOSTW POLSKI JUNIOROW 2019 - C11"]
[Site "Ustron"]
[Date "1899-12-30"]
[Round "5.2"]
[White "Brozynski, Patryk"]
[Black "Olszewski, Antoni"]
[Result "1-0"]
[WhiteTitle "IV"]
[BlackTitle "II"]
[WhiteElo "1665"]
[BlackElo "1292"]

1. e4 e5 2. Nf3 Nc6 3. Bb5 a6 4. Ba4 Nf6 5. O-O Be7 6. Re1 b5 7. Bb3 d6 8. c3 O-O
9. h3 Nb8 10. d4 Nbd7 11. Nbd2 Bb7 12. Bc2 Re8 13. Nf1 Bf8 14. Ng3 g6 15. Bg5
h6 16. dxe5 dxe5 17. Be3 c5 18. Qd2 Kh7 19. Rad1 Qc7 20. Nh4 Rad8 21. Qc1 Nb6
22. b3 Nbd7 23. f4 c4 24. f5 g5 25. Nf3 Nc5 26. Bf2 Rxd1 27. Qxd1 Rd8 28. Qe2
cxb3 29. axb3 Be7 30. c4 b4 31. Nh2 a5 32. Nh5 Ncxe4 33. Nxf6+ Nxf6 34. Qxe5 Qxe5
35. Rxe5 Bd6 36. Rxa5 Bxh2+ 37. Kxh2 Rd2 38. Ra7 Rxc2 39. Rxb7 Ng4+ 40. hxg4 Rxf2
41. Rxf7+ Kg8 42. Rb7 Rf4 43. Kg3 Rd4 44. Rxb4 Rd3+ 45. Kf2 Rd4 46. Kf3 Rd3+ 47.
Ke4 Rg3 48. Ke5 Rxg4 49. Kf6 Rxg2 50. Rb8+ Kh7 51. Rb7+ Kg8 52. Kg6 Kf8 53. f6
Ke8 54. f7+ Kf8 55. Rb8+ 1-0

[Event "POLFINAL MISTRZOSTW POLSKI JUNIOROW 2019 - C11"]
[Site "Ustron"]
[Date "1899-12-30"]
[Round "5.3"]
[White "Fil, Grzegorz"]
[Black "Grzebieniowski, Michal"]
[Result "1/2-1/2"]
[WhiteTitle "II"]
[BlackTitle "II"]
[WhiteElo "1188"]
[BlackElo "1332"]

1. c4 c6 2. Nc3 d5 3. d4 Nf6 4. g3 e6 5. Bg2 dxc4 6. e4 b5 7. Bg5 Be7 8. Bxf6 gxf6
9. e5 fxe5 10. dxe5 Bb4 11. Qxd8+ Kxd8 12. Rd1+ Kc7 13. Nge2 Bb7 14. O-O Nd7 15.
f4 Nc5 16. a3 Ba5 17. Be4 Bb6 18. Kg2 a5 19. Bb1 h5 20. Ne4 Nxe4 21. Bxe4 Ba6
22. Rd6 Bb7 23. Rfd1 Rad8 24. Rxd8 Rxd8 25. Rxd8 Kxd8 26. Kh3 b4 27. axb4 axb4
28. Kh4 Ba6 29. Bf3 c3 30. bxc3 b3 31. Nd4 b2 32. Be4 Bxd4 33. cxd4 Be2 1/2-1/2

[Event "POLFINAL MISTRZOSTW POLSKI JUNIOROW 2019 - C11"]
[Site "Ustron"]
[Date "1899-12-30"]
[Round "5.4"]
[White "Przybylski, Jan"]
[Black "Karwot, Marek"]
[Result "1-0"]
[WhiteTitle "II"]
[BlackTitle "II"]
[WhiteElo "1286"]
[BlackElo "1166"]

1. e4 e5 2. Nf3 Nc6 3. d4 exd4 4. Nxd4 Nf6 5. Nxc6 bxc6 6. Bd3 d5 7. exd5 cxd5
8. Bf4 Bd6 9. Qe2+ Be6 10. Bb5+ Nd7 11. Bxd6 cxd6 12. O-O O-O 13. Nc3 Re8 14.
Qd2 Qb6 15. Bxd7 Bxd7 16. Nxd5 Qc5 17. Rfe1 h6 18. h3 Rac8 19. Ne7+ Rxe7 20. Rxe7
Be6 21. c3 Qb6 22. Qe2 d5 23. Re1 Kf8 24. Rxe6 Qxe6 25. Qxe6 fxe6 26. Rxe6 Rb8
27. b3 Rc8 28. Re3 Kf7 29. Kf1 a5 30. Ke2 a4 31. Kd3 a3 32. Kd4 Kf6 33. Re5 Rxc3
34. Kxc3 Kxe5 35. Kd3 d4 36. b4 Kd5 37. f4 g5 38. f5 Ke5 39. g4 h5 40. b5 h4 41.
b6 Kf4 42. b7 Kg3 43. b8=Q+ Kxh3 44. f6 Kg2 45. f7 h3 46. f8=Q h2 47. Qb7+ Kg1
48. Qb1+ Kg2 49. Qbf1+ Kg3 50. Q8f3+ Kh4 51. Q1h3# 1-0